En busca de la Edad Media

Saved in:
Bibliografiske detaljer
Hovedforfatter: Le Goff, Jacques (Author)
Format: Bog
Sprog:spansk
Udgivet: Barcelona Paidós Ibérica 2003
Serier:Paidós Orígenes, 42
Fag:
Tags: Tilføj Tag
Ingen Tags, Vær først til at tagge denne postø!

MARC

LEADER 00000nam a2200000 a 4500
001 UCL7895
003 CL-VaPUC
008 040604e20030000SP |||||||||||||||||spa|d
020 |a 8449314771 
082 0 4 |a 940.1  |b LEG  |2 21 
100 |a Le Goff, Jacques  |e author  |9 322549 
245 1 0 |a En busca de la Edad Media 
300 |a 157 p 
942 |c BK 
945 |d 20040604 00:00:00  |a cmena 
260 |a Barcelona  |b Paidós Ibérica  |c 2003 
650 0 |a Historia medieval   |9 258042 
650 0 |a Edad media  |9 258041 
650 0 |a Desarrollo económico y social   |9 256320 
583 |a last modification  |c 20040604 00:00:00  |k Rodrigo Vera 
490 0 |a Paidós Orígenes, 42 
999 |c 309451  |d 309449 
952 |0 0  |1 0  |4 0  |6 940_100000000000000_LEG_2003  |7 0  |8 A  |9 376893  |a BIBTEO  |b BIBTEO  |d 2019-11-21  |i 402107K  |o 940.1 LEG 2003  |p 402107K  |r 2025-01-17  |w 2019-11-21  |y BK  |k ICR